Statistics for Country word scramble quiz #1

Click here to take the quiz!

General Stats

  • This quiz has been taken 44 times
    (24 since last reset)
  • The average score is 12 of 15

Answer Stats

Answer% Correct
India
100%
Italy
100%
France
86%
Philippines
86%
Russia
86%
Brazil
83%
Germany
80%
Canada
71%
Indonesia
71%
China
67%
Mexico
67%
Nigeria
67%
United Kingdom
67%
Saudi Arabia
60%
Australia
57%
Poland
57%
Spain
50%
United States
50%
Indonesia
33%

Score Distribution

Percentile by Number Answered

Percent of People with Each Score

Your Score History

You have not taken this quiz since the last reset